<?xml version="1.0" encoding="UTF-8"?>
<record
    xmlns:xsi="http://www.w3.org/2001/XMLSchema-instance"
    xsi:schemaLocation="http://www.loc.gov/MARC21/slim http://www.loc.gov/standards/marcxml/schema/MARC21slim.xsd"
    xmlns="http://www.loc.gov/MARC21/slim">

  <leader>00524nam a2200193Ia 4500</leader>
  <controlfield tag="008">230125s9999    xx            000 0 und d</controlfield>
  <datafield tag="020" ind1=" " ind2=" ">
    <subfield code="a">81-7722-853-6</subfield>
  </datafield>
  <datafield tag="041" ind1=" " ind2=" ">
    <subfield code="a">eng</subfield>
  </datafield>
  <datafield tag="082" ind1=" " ind2=" ">
    <subfield code="a">920.650</subfield>
    <subfield code="b">VER</subfield>
  </datafield>
  <datafield tag="100" ind1=" " ind2=" ">
    <subfield code="a">Verma Y V</subfield>
    <subfield code="9">111997</subfield>
  </datafield>
  <datafield tag="245" ind1=" " ind2=" ">
    <subfield code="a">Passion </subfield>
    <subfield code="b">The Untold Story of LG Electronics India</subfield>
  </datafield>
  <datafield tag="260" ind1=" " ind2=" ">
    <subfield code="c">2008</subfield>
    <subfield code="b">Dreamtech press</subfield>
    <subfield code="a">New Delhi</subfield>
  </datafield>
  <datafield tag="300" ind1=" " ind2=" ">
    <subfield code="a">191p</subfield>
  </datafield>
  <datafield tag="500" ind1=" " ind2=" ">
    <subfield code="a">Company profile;L G Electronics</subfield>
  </datafield>
  <datafield tag="650" ind1=" " ind2=" ">
    <subfield code="a">Company Profile</subfield>
  </datafield>
  <datafield tag="700" ind1=" " ind2=" ">
    <subfield code="a">Verma Y V</subfield>
    <subfield code="9">111997</subfield>
  </datafield>
  <datafield tag="906" ind1=" " ind2=" ">
    <subfield code="b">60</subfield>
  </datafield>
  <datafield tag="999" ind1=" " ind2=" ">
    <subfield code="c">88929</subfield>
    <subfield code="d">88929</subfield>
  </datafield>
  <datafield tag="952" ind1=" " ind2=" ">
    <subfield code="0">0</subfield>
    <subfield code="1">0</subfield>
    <subfield code="4">0</subfield>
    <subfield code="7">0</subfield>
    <subfield code="a">HIMR</subfield>
    <subfield code="b">HIMR</subfield>
    <subfield code="d">2008-05-17</subfield>
    <subfield code="e">Bookland</subfield>
    <subfield code="g">299.00</subfield>
    <subfield code="i">6972</subfield>
    <subfield code="l">0</subfield>
    <subfield code="o">920.650 VER B06526</subfield>
    <subfield code="p">HIMR-BK-6526</subfield>
    <subfield code="r">2023-01-25 00:00:00</subfield>
    <subfield code="v">239.00</subfield>
    <subfield code="w">2008-05-12</subfield>
    <subfield code="y">BK</subfield>
    <subfield code="z">B06526</subfield>
  </datafield>
  <datafield tag="952" ind1=" " ind2=" ">
    <subfield code="0">0</subfield>
    <subfield code="1">0</subfield>
    <subfield code="4">0</subfield>
    <subfield code="7">0</subfield>
    <subfield code="a">HIMR</subfield>
    <subfield code="b">HIMR</subfield>
    <subfield code="d">2008-03-31</subfield>
    <subfield code="e">Crossword</subfield>
    <subfield code="g">299.00</subfield>
    <subfield code="i">C063</subfield>
    <subfield code="l">0</subfield>
    <subfield code="o">920.650 VER B06275</subfield>
    <subfield code="p">HIMR-BK-6275</subfield>
    <subfield code="r">2023-01-25 00:00:00</subfield>
    <subfield code="v">269.00</subfield>
    <subfield code="w">2008-03-24</subfield>
    <subfield code="y">BK</subfield>
    <subfield code="z">B06275</subfield>
  </datafield>
</record>
